000
00410nam a2200145Ia 4500
008
090123s9999 xx 000 0 und d
082
_b
880
245
_a
दिंडी गेली पुढे
250
_a
2
260
_b
कुलकर्णी अ.अ.
300
_a
48
630
_a
दिंडी गेली पुढे
730
_a
दिंडी गेली पुढे
942
_c
BOOK
999
_c
38967
_d
38967